مكتبة جامعة عجلون الوطنية

فهرس بحث المكتبة

اللغة المؤابية في نقش ميشع: دراسة صوتية صرفية دلالية مقارنة في ضوء الفصحى واللغات السامية (Record no. 23592)

MARC details
000 -LEADER
fixed length control field 00987nam a2200229Ii 4500
003 - CONTROL NUMBER IDENTIFIER
control field JO-AjNU
008 - FIXED-LENGTH DATA ELEMENTS--GENERAL INFORMATION
fixed length control field 230605s9999||||xx |||||||||||||| ||und||
017 ## - COPYRIGHT OR LEGAL DEPOSIT NUMBER
Copyright or legal deposit number 2000/3/650
040 ## - CATALOGING SOURCE
Original cataloging agency JO-AjNU
Language of cataloging ara
Description conventions rda
Transcribing agency JO-AjNU
041 ## - LANGUAGE CODE
Language code of text/sound track or separate title ara
050 14 - LIBRARY OF CONGRESS CALL NUMBER
Classification number PJ3081 .A2296 2000
100 3# - MAIN ENTRY--PERSONAL NAME
Personal name عبابنة، يحيى,
Relator term author
9 (RLIN) 46086
245 00 - TITLE STATEMENT
Title اللغة المؤابية في نقش ميشع: دراسة صوتية صرفية دلالية مقارنة في ضوء الفصحى واللغات السامية
250 ## - EDITION STATEMENT
Edition statement ط1
264 31 - PRODUCTION, PUBLICATION, DISTRIBUTION, MANUFACTURE, AND COPYRIGHT NOTICE
Place of production, publication, distribution, manufacture الكرك: جامعة مؤتة، عمادة البحث العلمي والدراسات العليا، 2000
300 ## - PHYSICAL DESCRIPTION
Extent 222ص
336 ## - CONTENT TYPE
Content type term text
Content type code txt
Source rdacontent
337 ## - MEDIA TYPE
Media type term unmediated
Media type code n
Source rdamedia
338 ## - CARRIER TYPE
Carrier type term volume
Carrier type code nc
Source rdacarrier
490 0# - SERIES STATEMENT
Series statement جامعة مؤتة، عمادة البحث العلمي والدراسات العليا؛ 55
650 #4 - SUBJECT ADDED ENTRY--TOPICAL TERM
Topical term or geographic name entry element اللغات السامية - تاريخ - اللغات المقارنة
9 (RLIN) 46087
Holdings
Withdrawn status Lost status Source of classification or shelving scheme Damaged status Not for loan Home library Current library Shelving location Date acquired Total Checkouts Full call number Barcode Date last seen Price effective from Koha item type
    Library of Congress Classification     مكتبة جامعة عجلون الوطنية مكتبة جامعة عجلون الوطنية المجموعات العامة 06/06/2023   PJ3081 .A2296 2000 A20024 06/06/2023 06/06/2023 Books